[Event "LTU chess league"]
[Site "LTU"]
[Date "2009.03.01"]
[Round "7.21"]
[White "Narmontas, Matas"]
[Black "Bucinskas, Valdas"]
[Result "1/2-1/2"]
[WhiteElo "2381"]
[BlackElo "2325"]
[PlyCount "73"]
[EventDate "2008.11.08"]

1. e4 e5 2. Nc3 Nf6 3. f4 d5 4. fxe5 Nxe4 5. Nf3 Be7 6. d4 O-O 7. Bd3 f5 8. Ne2
c5 9. c3 c4 10. Bc2 b5 11. a3 a5 12. O-O Ra6 13. b3 Be6 14. Nd2 Rb6 15. a4 cxb3
16. Bxb3 b4 17. Nxe4 fxe4 18. Rxf8+ Bxf8 19. Be3 bxc3 20. Nxc3 Na6 21. Rc1 Nb4
22. Nb5 Rc6 23. Rxc6 Nxc6 24. Nc3 Qd7 25. Nxe4 dxe4 26. d5 Nxe5 27. dxe6 Qxd1+
28. Bxd1 Bb4 29. Bb3 Kf8 30. Bd5 Ng4 31. Bd4 Nf6 32. Bxf6 gxf6 33. Bxe4 Ke7 34.
Bxh7 Kxe6 35. Kf2 Kf7 36. Kf3 Kg7 37. Bc2 1/2-1/2

[Event "LTU chess league"]
[Site "LTU"]
[Date "2009.03.01"]
[Round "7.22"]
[White "Tvarijonas, Povilas"]
[Black "Dubovikas, Tomas"]
[Result "0-1"]
[WhiteElo "2310"]
[BlackElo "2185"]
[PlyCount "60"]
[EventDate "2008.11.08"]

1. e4 e6 2. d4 c5 3. Nf3 cxd4 4. Nxd4 Qb6 5. Nb3 Qc7 6. Bd3 Nf6 7. O-O a6 8. c4
b6 9. f4 d6 10. e5 Nfd7 11. exd6 Bxd6 12. Nc3 Bb7 13. Qg4 Nf6 14. Qe2 Nbd7 15.
Be3 Nc5 16. Bc2 Nxb3 17. axb3 Bc5 18. Na4 Bxe3+ 19. Qxe3 Qc6 20. Rf3 b5 21. Nc3
b4 22. Ne2 Ng4 23. Qd4 Rd8 24. Qxg7 Qc5+ 25. Kh1 Bxf3 26. gxf3 Nf2+ 27. Kg2 Ke7
28. Ng3 Rd2 29. Qxh8 Ne4+ 30. Kh3 Rxh2+ 0-1

[Event "LTU chess league"]
[Site "LTU"]
[Date "2009.03.01"]
[Round "7.23"]
[White "Daulyte, Deimante"]
[Black "Limontas, Martynas"]
[Result "0-1"]
[WhiteElo "2278"]
[BlackElo "2282"]
[PlyCount "68"]
[EventDate "2008.11.08"]

1. e4 e6 2. d4 d5 3. e5 c5 4. c3 Qb6 5. Nf3 Bd7 6. Be2 Bb5 7. dxc5 Bxc5 8. O-O
a5 9. Bxb5+ Qxb5 10. Nd4 Bxd4 11. cxd4 Ne7 12. Nc3 Qb6 13. Qg4 O-O 14. Bh6 Nf5
15. Be3 Nc6 16. Ne2 Qxb2 17. Rfb1 Nxe3 18. fxe3 Qd2 19. Rxb7 Qxe3+ 20. Kh1 Rab8
21. Rxb8 Rxb8 22. h3 g6 23. Rd1 h5 24. Qf3 Qxf3 25. gxf3 Rb2 26. Nc3 Rc2 27.
Rd3 Nb4 28. Re3 Nxa2 29. Nb5 Nb4 30. Ra3 Nc6 31. Ra4 g5 32. Nd6 Kg7 33. Kg1 Kg6
34. Kf1 Rd2 0-1

[Event "LTU chess league"]
[Site "LTU"]
[Date "2009.03.01"]
[Round "7.24"]
[White "Lipskij, Valerij"]
[Black "Klabis, Rokas"]
[Result "1-0"]
[WhiteElo "2131"]
[BlackElo "1849"]
[Annotator "Hiarcs 11.2"]
[PlyCount "85"]
[EventDate "2008.11.08"]

1. c4 c5 2. Nc3 e6 3. Nf3 Nc6 4. d4 cxd4 5. Nxd4 a6 6. Nxc6 bxc6 7. e4 d6 8. g3
Be7 9. Bg2 Bb7 10. O-O Nf6 11. Be3 O-O 12. Qb3 Qc8 13. Rad1 Rb8 14. Bf4 e5 15.
Bg5 Rd8 16. Rd3 Qc7 17. Qc2 Bc8 18. Nd1 a5 19. Ne3 Ng4 20. Bxe7 Qxe7 21. Nxg4
Bxg4 22. h3 Be6 23. Ra3 Qa7 24. Kh2 Rb4 25. Rc3 Qa6 26. b3 Rbb8 27. Rd1 c5 28.
f4 f6 29. Rcd3 Rd7 30. Qd2 Rbd8 31. f5 Bf7 32. g4 g5 33. fxg6 Bxg6 34. Qf2 Rf7
35. h4 Qc6 36. Rd5 h5 37. gxh5 Bxh5 38. Rg1 Rg7 39. Qxf6 Rf8 40. Qh6 Be2 41.
Rxd6 Qe8 42. Bf3 Rff7 43. Rdg6 1-0

[Event "LTU chess league"]
[Site "LTU"]
[Date "2009.03.01"]
[Round "7.25"]
[White "Paulauskaite, Gintare"]
[Black "Petkeviciute, Justina"]
[Result "1-0"]
[WhiteElo "2044"]
[BlackElo "1812"]
[PlyCount "115"]
[EventDate "2008.11.08"]

1. e4 c6 2. d4 d5 3. Nd2 dxe4 4. Nxe4 Nd7 5. Bc4 Ngf6 6. Ng5 e6 7. Qe2 Nb6 8.
Bd3 h6 9. N5f3 c5 10. Be3 cxd4 11. Bxd4 Be7 12. O-O-O Bd7 13. Ne5 Qc7 14. Bb5
Rd8 15. Ngf3 O-O 16. Bxd7 Nbxd7 17. h4 Nxe5 18. Bxe5 Qa5 19. Kb1 Rxd1+ 20. Qxd1
Ng4 21. Bc3 Qb6 22. Qd4 Qxd4 23. Bxd4 b6 24. c4 Rc8 25. b3 Rd8 26. Kc2 Bf6 27.
Bxf6 Nxf6 28. Nd2 Kf8 29. f3 h5 30. Kc3 Ke7 31. Re1 g6 32. b4 Rc8 33. a4 a6 34.
Ne4 Nxe4+ 35. Rxe4 Rd8 36. c5 bxc5 37. bxc5 a5 38. Rc4 Rd1 39. c6 Kd8 40. Rd4+
Rxd4 41. Kxd4 Kc7 42. Kc5 f6 43. Kb5 g5 44. hxg5 fxg5 45. Kxa5 Kxc6 46. Kb4 g4
47. fxg4 hxg4 48. Kc4 e5 49. Kd3 Kb6 50. Ke4 Ka5 51. Kxe5 Kxa4 52. Kf4 g3 53.
Kxg3 Kb5 54. Kf4 Kc6 55. Kf5 Kd7 56. Kf6 Ke8 57. Kg7 Ke7 58. g4 1-0

[Event "LTU chess league"]
[Site "LTU"]
[Date "2009.02.22"]
[Round "7.31"]
[White "Burstein, Roman"]
[Black "Malisauskas, Vidmantas"]
[Result "1/2-1/2"]
[WhiteElo "2331"]
[BlackElo "2479"]
[PlyCount "77"]
[EventDate "2008.11.08"]

1. c4 g6 2. g3 Bg7 3. Bg2 e5 4. Nc3 Ne7 5. Nf3 c5 6. O-O Nbc6 7. d3 Rb8 8. Ne4
d6 9. Bg5 h6 10. Bf6 Kf8 11. Rb1 Bxf6 12. Nxf6 Kg7 13. Nd5 b5 14. Nd2 Nxd5 15.
cxd5 Ne7 16. e4 Bd7 17. f4 f6 18. b4 cxb4 19. Kh1 Rf8 20. Rxb4 Rc8 21. a4 a6
22. axb5 Bxb5 23. Qb3 Rc5 24. Nc4 Qc7 25. Na3 Rb8 26. Qb2 Rc3 27. Nxb5 axb5 28.
Rxb5 Rxb5 29. Qxb5 Rc1 30. fxe5 fxe5 31. Qe8 Rxf1+ 32. Bxf1 Ng8 33. Qc6 Qe7 34.
Kg1 Qa7+ 35. Kg2 Nf6 36. h3 Qe7 37. Be2 h5 38. h4 Ng8 39. Bf3 1/2-1/2

[Event "LTU chess league"]
[Site "LTU"]
[Date "2009.02.22"]
[Round "7.32"]
[White "Butnorius, Algimantas"]
[Black "Rositsan, Boris"]
[Result "1-0"]
[WhiteElo "2438"]
[BlackElo "2228"]
[PlyCount "44"]
[EventDate "2008.11.08"]

1. d4 Nf6 2. c4 e6 3. Nf3 d5 4. Nc3 Bb4 5. Bg5 h6 6. Bxf6 Bxc3+ 7. bxc3 Qxf6 8.
e3 Nd7 9. Bd3 O-O 10. O-O dxc4 11. Bxc4 e5 12. Qc2 c5 13. Rad1 Re8 14. Bb5 exd4
15. cxd4 a6 16. Bxd7 Bxd7 17. dxc5 Bf5 18. Qb3 Rac8 19. Nd4 Rxc5 20. Nxf5 Rb5
21. Nxg7 Kxg7 22. Qa4 Rb2 1-0

[Event "LTU chess league"]
[Site "LTU"]
[Date "2009.02.22"]
[Round "7.33"]
[White "Baliasnyj, Timur"]
[Black "Vaznonis, Vytautas"]
[Result "1/2-1/2"]
[WhiteElo "2238"]
[BlackElo "2386"]
[PlyCount "83"]
[EventDate "2008.11.08"]

1. Nf3 d5 2. g3 Nf6 3. Bg2 c6 4. O-O Nbd7 5. d4 e6 6. c4 Bd6 7. Qc2 O-O 8. Nbd2
Re8 9. Rd1 Qe7 10. e4 dxe4 11. Nxe4 Nxe4 12. Qxe4 e5 13. Bg5 f6 14. Be3 exd4
15. Qxe7 Bxe7 16. Bxd4 a5 17. Re1 Kf7 18. Re2 Bb4 19. Rxe8 Kxe8 20. Ne1 Bc5 21.
Bc3 Nb6 22. Nd3 Be7 23. b3 Bf5 24. Nf4 a4 25. Re1 Kf7 26. Be4 Bxe4 27. Rxe4
axb3 28. axb3 Nd7 29. Re2 Nc5 30. Bb4 Bf8 31. Bxc5 Bxc5 32. Ne6 Bb4 33. f4 g6
34. g4 Be7 35. f5 Ra1+ 36. Kg2 Rb1 37. Re3 Rb2+ 38. Kg3 Bd6+ 39. Kf3 Rxh2 40.
Nd8+ Kf8 41. Nxb7 Be7 42. Na5 1/2-1/2

[Event "LTU chess league"]
[Site "LTU"]
[Date "2009.02.22"]
[Round "7.35"]
[White "Joffe, Roza"]
[Black "Beinoraite, Viktorija"]
[Result "0-1"]
[WhiteElo "2043"]
[BlackElo "2051"]
[PlyCount "90"]
[EventDate "2008.11.08"]

1. d4 d5 2. Nf3 Nf6 3. c4 c6 4. cxd5 cxd5 5. Nc3 Nc6 6. Bf4 a6 7. e3 e6 8. a3
Bd6 9. Bxd6 Qxd6 10. Bd3 O-O 11. Rc1 Bd7 12. O-O b5 13. b4 Rfc8 14. Nb1 e5 15.
Be2 e4 16. Nfd2 Ne7 17. Nb3 Rxc1 18. Qxc1 Ng4 19. Bxg4 Bxg4 20. Qc5 Qf6 21. Qc7
Ng6 22. Re1 h5 23. Nc5 Qg5 24. Kf1 h4 25. Nc3 Bf3 26. g3 Qg4 27. Qd7 f5 28.
Qe6+ Kh7 29. Rb1 Qh3+ 30. Ke1 Qxh2 31. gxh4 Qg1+ 32. Kd2 Qxf2+ 33. Kc1 Qxe3+
34. Kc2 Qxd4 35. Nxd5 Qc4+ 36. Kb2 Rd8 37. Nd7 Qd4+ 38. Ka2 e3 39. N5b6 Qe4 40.
Qb3 e2 41. Qc3 Qe6+ 42. Ka1 Be4 43. Rg1 Rxd7 44. Nxd7 Qxd7 45. Kb2 Nf4 0-1

[Event "LTU chess league"]
[Site "LTU"]
[Date "2009.03.01"]
[Round "7.41"]
[White "Pileckis, Emilis"]
[Black "Asauskas, Henrikas"]
[Result "1-0"]
[WhiteElo "2472"]
[BlackElo "2323"]
[PlyCount "91"]
[EventDate "2008.11.08"]

1. Nf3 Nf6 2. c4 g6 3. Nc3 Bg7 4. e4 O-O 5. d4 d6 6. Be2 e5 7. O-O exd4 8. Nxd4
Re8 9. f3 c6 10. Kh1 Nbd7 11. Bg5 Qb6 12. Nb3 a5 13. Qd2 a4 14. Be3 Nc5 15.
Nxc5 dxc5 16. Qc2 a3 17. b3 Nd7 18. Rad1 Nf8 19. Na4 Rxa4 20. bxa4 Ne6 21. Rb1
Bb2 22. Bd3 Nd4 23. Bxd4 cxd4 24. f4 c5 25. f5 Bd7 26. Rf3 Re5 27. Qd2 Qd8 28.
Rbf1 g5 29. f6 Kh8 30. Rg3 Bc3 31. Qd1 Qg8 32. Be2 Rxe4 33. Bg4 Bc6 34. Bf5 Rh4
35. Qc1 h6 36. Qxa3 Qf8 37. Qc1 Qd6 38. Rh3 Qxf6 39. Rxh4 gxh4 40. Be4 Qg5 41.
Qxg5 hxg5 42. Bxc6 bxc6 43. Rxf7 d3 44. Rf3 d2 45. Rd3 Kg7 46. Kg1 1-0

[Event "LTU chess league"]
[Site "LTU"]
[Date "2009.03.01"]
[Round "7.42"]
[White "Savickas, Airidas"]
[Black "Labeckas, Kestutis"]
[Result "1-0"]
[WhiteElo "2358"]
[BlackElo "2345"]
[PlyCount "95"]
[EventDate "2008.11.08"]

1. e4 e6 2. d4 d5 3. Nd2 Nf6 4. e5 Nfd7 5. f4 c5 6. c3 Nc6 7. Ndf3 Be7 8. Bd3
cxd4 9. cxd4 b5 10. Ne2 Qb6 11. O-O b4 12. Kh1 Ba6 13. f5 O-O-O 14. Bg5 h6 15.
Be3 Kb8 16. Nf4 Nf8 17. Qe2 Bc8 18. fxe6 Nxe6 19. Nxe6 Bxe6 20. Nd2 g6 21. Nb3
Na5 22. Nxa5 Qxa5 23. Qd2 Qb6 24. a3 b3 25. a4 Bg5 26. Bb5 a6 27. Be2 Rc8 28.
a5 Qb7 29. Bd1 Bf5 30. Ra3 Bc2 31. Bg4 Qb5 32. Be2 Qb7 33. Bxg5 hxg5 34. Qxg5
Qb4 35. Raa1 Qxd4 36. Rxf7 Qxb2 37. Raf1 Qc3 38. Qe7 Rc7 39. Qd6 Qc6 40. Rf8+
Rxf8 41. Rxf8+ Ka7 42. Qb4 Rc8 43. Rf6 Qb7 44. Rxa6+ Qxa6 45. Qd4+ Ka8 46. Bxa6
Rb8 47. Qxd5+ Ka7 48. Bb5 1-0

[Event "LTU chess league"]
[Site "LTU"]
[Date "2009.03.01"]
[Round "7.43"]
[White "Zapolskis, Antanas"]
[Black "Kalvaitis, Sigitas"]
[Result "1-0"]
[WhiteElo "2346"]
[BlackElo "2230"]
[PlyCount "73"]
[EventDate "2008.11.08"]

1. e4 e6 2. d4 d5 3. Nd2 c5 4. Ngf3 cxd4 5. exd5 Qxd5 6. Bc4 Qd6 7. O-O Nf6 8.
Nb3 Nc6 9. Nbxd4 Nxd4 10. Nxd4 a6 11. a4 Qc7 12. Qe2 Bd6 13. Kh1 O-O 14. Bg5
Be5 15. Nf3 Bf4 16. Ra3 Bd7 17. Bxf4 Qxf4 18. Ne5 Rad8 19. Rf3 Qe4 20. Re3 Qf4
21. b3 a5 22. Qe1 Bc6 23. Qxa5 Nd5 24. Nxc6 bxc6 25. Rd3 Qg4 26. Qc5 Qg6 27.
Qd4 f5 28. f4 h5 29. Qe5 h4 30. Rh3 Rfe8 31. Rxh4 Qf7 32. Rh3 Nf6 33. Rd3 Rxd3
34. Bxd3 Ng4 35. Qc5 Qh5 36. h3 e5 37. Kg1 1-0

[Event "LTU chess league"]
[Site "LTU"]
[Date "2009.03.01"]
[Round "7.44"]
[White "Jegorovas, Aleksandras"]
[Black "Zickus, Simonas"]
[Result "1-0"]
[WhiteElo "2303"]
[BlackElo "2315"]
[PlyCount "68"]
[EventDate "2008.11.08"]

1. d4 d5 2. c4 dxc4 3. e4 e5 4. Nf3 exd4 5. Bxc4 Nc6 6. O-O Be6 7. Bb5 Bc5 8.
b4 Bb6 9. a4 a6 10. Bxc6+ bxc6 11. a5 Ba7 12. Bb2 Nf6 13. Nxd4 Bxd4 14. Bxd4
Nxe4 15. Bxg7 Rg8 16. Be5 Qg5 17. Bg3 Kf8 18. Re1 Rd8 19. Qc2 Nxg3 20. hxg3 c5
21. bxc5 Qd5 22. Nc3 Qxc5 23. Qb2 Rg4 24. Ne2 Qb5 25. Qc3 Qb4 26. Qxc7 Qd6 27.
Qc3 Qd2 28. Qh8+ Ke7 29. Qxh7 Ra4 30. Nf4 Rxa1 31. Rxa1 Qc3 32. Rb1 Qxa5 33.
Qh4+ Kd7 34. Qf6 Rc8 1-0

[Event "LTU chess league"]
[Site "LTU"]
[Date "2009.03.01"]
[Round "7.45"]
[White "Jakaityte, Ruta"]
[Black "Domarkaite, Laima"]
[Result "1-0"]
[WhiteElo "1966"]
[BlackElo "2165"]
[PlyCount "103"]
[EventDate "2008.11.08"]

1. e4 c5 2. Nf3 d6 3. d4 cxd4 4. Nxd4 Nf6 5. Bd3 g6 6. c4 Bg7 7. Nc3 O-O 8. O-O
Nbd7 9. Kh1 Qa5 10. Nb3 Qd8 11. f4 b6 12. Be3 Bb7 13. Rc1 Rc8 14. Nd2 Nc5 15.
Bb1 Nfd7 16. f5 Ne5 17. Qe2 Qc7 18. Nd5 Bxd5 19. exd5 a5 20. b3 Qb7 21. Nf3
Nxf3 22. Rxf3 b5 23. Bg5 Rc7 24. fxg6 hxg6 25. Re1 bxc4 26. bxc4 Be5 27. Qf2
Kg7 28. Qc2 f5 29. Rh3 Rh8 30. Rxh8 Kxh8 31. Qf2 e6 32. Bf4 exd5 33. Qh4+ Rh7
34. Bxe5+ dxe5 35. Qf6+ Rg7 36. Qf8+ Kh7 37. Qxc5 Rc7 38. Qxa5 Rxc4 39. Bd3 Rd4
40. Bb5 e4 41. Qc3 Qb6 42. a4 f4 43. Qh3+ Kg7 44. Qd7+ Kh6 45. Qf7 e3 46. Rc1
Qa5 47. Qf8+ Kg5 48. h4+ Kg4 49. Be2+ Kg3 50. Rf1 Qb6 51. Qh6 f3 52. Qg5+ 1-0

[Event "LTU chess league"]
[Site "LTU"]
[Date "2009.03.01"]
[Round "7.51"]
[White "Zilinskas, Vaidas"]
[Black "Sakalauskas, Vaidas"]
[Result "0-1"]
[WhiteElo "2131"]
[BlackElo "2404"]
[PlyCount "74"]
[EventDate "2008.11.08"]

1. e4 d6 2. d4 Nf6 3. Nc3 c6 4. Bg5 Nbd7 5. Qd2 e5 6. Nf3 Be7 7. O-O-O O-O 8.
h3 b5 9. Bxf6 Bxf6 10. dxe5 dxe5 11. Qd6 Qb6 12. Qd2 Nc5 13. Qe3 Be6 14. Kb1 b4
15. Ne2 Rfd8 16. Re1 Qa5 17. Nc1 Na4 18. Nb3 Qc7 19. Nc5 Nxc5 20. Qxc5 Be7 21.
Qxe5 Qb6 22. Bd3 Bf6 23. Qh5 Bxa2+ 24. Kc1 g6 25. Qh6 Qa5 26. e5 Bg7 27. Qe3
Bc4 28. Nd2 Qa1+ 29. Nb1 Ba2 30. Kd2 Qxb2 31. Ke2 b3 32. Rc1 Bxe5 33. Nd2 Bd4
34. Qg5 Re8+ 35. Kf3 bxc2 36. Ne4 Qa3 37. Qd2 Bc4 0-1

[Event "LTU chess league"]
[Site "LTU"]
[Date "2009.03.01"]
[Round "7.52"]
[White "Kudzma, Laimonas"]
[Black "Tamosaitis, Rimas"]
[Result "1/2-1/2"]
[WhiteElo "2255"]
[BlackElo "2196"]
[PlyCount "68"]
[EventDate "2008.11.08"]

1. c4 c5 2. Nc3 Nf6 3. Nf3 Nc6 4. d4 cxd4 5. Nxd4 d5 6. cxd5 Nxd5 7. Nxc6 bxc6
8. Bd2 e5 9. g3 Be6 10. Bg2 Qd7 11. O-O h5 12. h4 Be7 13. Ne4 Bh3 14. Bxh3 Qxh3
15. Ng5 Bxg5 16. Bxg5 f6 17. Bd2 Rd8 18. Qa4 Ne7 19. Rfd1 Rd4 20. Qb3 Ng6 21.
Qf3 Qd7 22. Qc3 Qd5 23. Rac1 O-O 24. Qxc6 Qxc6 25. Rxc6 Rfd8 26. Rc2 e4 27. Kf1
Ne5 28. Ke1 e3 29. fxe3 Rg4 30. Bc3 Rxd1+ 31. Kxd1 Rxg3 32. Bd4 Rg4 33. Rc8+
Kh7 34. Rc7 Rxh4 1/2-1/2

[Event "LTU chess league"]
[Site "LTU"]
[Date "2009.03.01"]
[Round "7.53"]
[White "Narmontas, Raimondas"]
[Black "Skrebnevskis, Romanas"]
[Result "1-0"]
[WhiteElo "2131"]
[BlackElo "2235"]
[PlyCount "103"]
[EventDate "2008.11.08"]

1. e4 d6 2. d4 Nf6 3. Nc3 c6 4. g3 e5 5. Bg2 Be7 6. Nge2 O-O 7. O-O Re8 8. h3
b5 9. a3 a6 10. Be3 Nbd7 11. Qd2 Bb7 12. Rad1 Qc7 13. f4 Nb6 14. Qc1 Nc4 15.
Bf2 c5 16. d5 b4 17. axb4 cxb4 18. Na4 Nd7 19. b3 Ncb6 20. Nxb6 Nxb6 21. Qd2
Nd7 22. Qxb4 a5 23. Qd2 Ba6 24. Rfe1 Rec8 25. fxe5 Bxe2 26. Rxe2 Nxe5 27. Ra1
Bf6 28. Ra4 h6 29. Be3 Qc3 30. Kf2 Nd7 31. Qxc3 Rxc3 32. b4 Bd8 33. bxa5 Rxa5
34. Rxa5 Bxa5 35. Bd4 Rc4 36. Ke3 Bc3 37. Kd3 Rxd4+ 38. Kxc3 Ra4 39. Kb2 Rb4+
40. Kc1 g6 41. Re3 Kg7 42. Rb3 Rc4 43. Rb7 Nc5 44. Rb6 Rc3 45. e5 dxe5 46. Rc6
Rxg3 47. Rxc5 Rxg2 48. d6 Kf6 49. Rd5 Rg1+ 50. Kd2 Ke6 51. d7 Rg2+ 52. Kc3 1-0

[Event "LTU chess league"]
[Site "LTU"]
[Date "2009.03.01"]
[Round "7.55"]
[White "Paulauskiene, Vilma"]
[Black "Kalvyte, Vesta"]
[Result "0-1"]
[WhiteElo "2097"]
[BlackElo "1981"]
[PlyCount "79"]
[EventDate "2008.11.08"]

1. d4 Nf6 2. c4 c5 3. d5 e6 4. Nc3 exd5 5. cxd5 d6 6. e4 g6 7. Bg5 Bg7 8. Bd3
O-O 9. Qd2 Re8 10. Nge2 Na6 11. f3 Rb8 12. O-O Nc7 13. a4 a6 14. Kh1 b5 15.
axb5 axb5 16. b3 b4 17. Na4 Nb5 18. Bxb5 Rxb5 19. Nb2 Qc7 20. Nc4 Nd7 21. Ra8
Nb6 22. Nxb6 Rxb6 23. Qa2 Bd7 24. Bf4 Rxa8 25. Qxa8+ Rb8 26. Qa2 Bb5 27. Rc1
Qd8 28. Ng3 Ra8 29. Qc2 Qf6 30. Qd2 Ra3 31. Rb1 Qe7 32. Ne2 Qa7 33. Nc1 Qa6 34.
h3 Bc3 35. Qe3 f6 36. h4 Kf7 37. Kh2 Bd4 38. Qd2 Ke7 39. g4 Ra1 40. g5 0-1

[Event "LTU chess league"]
[Site "LTU"]
[Date "2009.03.14"]
[Round "8.11"]
[White "Zilinskas, Vaidas"]
[Black "Grabliauskas, Virginijus"]
[Result "0-1"]
[WhiteElo "2131"]
[BlackElo "2427"]
[PlyCount "96"]
[EventDate "2008.11.08"]

1. e4 c5 2. Nc3 e6 3. d3 Nc6 4. Nf3 d6 5. Bf4 Nf6 6. Qd2 Be7 7. Be2 a6 8. O-O
b5 9. e5 dxe5 10. Nxe5 Nd4 11. Rfe1 Bb7 12. Rad1 O-O 13. Bf1 Nh5 14. Ne2 Nxf4
15. Nxf4 Bg5 16. c3 f6 17. Ng4 e5 18. cxd4 Bxf4 19. Qe2 exd4 20. g3 Qd5 21. Qe4
Bd6 22. f4 Qxe4 23. dxe4 c4 24. Bg2 Bb4 25. Rf1 Rad8 26. e5 Bxg2 27. Kxg2 h5
28. a3 Ba5 29. Nf2 fxe5 30. fxe5 Rfe8 31. Nh3 Rxe5 32. Nf4 d3 33. Kf3 Rde8 34.
h4 Kh7 35. Kg2 Kh6 36. Kf3 Bc7 37. Kg2 Re3 38. Rf2 Bxf4 39. gxf4 Kg6 40. a4 b4
41. Rc1 Rc8 42. Rg1 c3 43. Kh2+ Kf6 44. f5 c2 45. Rg6+ Kf7 46. Rfg2 c1=Q 47.
Rxg7+ Kf6 48. R7g6+ Ke5 0-1

[Event "LTU chess league"]
[Site "LTU"]
[Date "2009.03.14"]
[Round "8.13"]
[White "Narmontas, Raimondas"]
[Black "Dambrauskas, Virginijus"]
[Result "1-0"]
[WhiteElo "2131"]
[BlackElo "2338"]
[PlyCount "85"]
[EventDate "2008.11.08"]

1. e4 c6 2. d4 d5 3. e5 Bf5 4. Nc3 e6 5. g4 Bg6 6. Nge2 c5 7. Be3 Nc6 8. dxc5
Nxe5 9. Nd4 a6 10. f4 Nc6 11. f5 exf5 12. gxf5 Qh4+ 13. Bf2 Qe7+ 14. Be2 Bh5
15. Qd2 Bxe2 16. Ndxe2 Nf6 17. O-O-O O-O-O 18. Nd4 Nxd4 19. Qxd4 Qd7 20. Na4
Qc6 21. Bg3 Re8 22. Qf4 Nd7 23. Rxd5 g5 24. Qd4 Bg7 25. Qxg7 Qxd5 26. Rd1 Qc6
27. Rxd7 Qxa4 28. Rxf7 Re1+ 29. Bxe1 Qf4+ 30. Kb1 Rd8 31. Bd2 Rxd2 32. Rf8+ Rd8
33. Rxd8+ Kxd8 34. Qf6+ Kc7 35. Qb6+ Kc8 36. Qe6+ Kc7 37. a3 Qxh2 38. f6 Qf4
39. Qe7+ Kc6 40. Qe6+ Kxc5 41. f7 Qf1+ 42. Ka2 g4 43. Qc8+ 1-0

[Event "LTU chess league"]
[Site "LTU"]
[Date "2009.03.14"]
[Round "8.14"]
[White "Novikov, Vitalij"]
[Black "Plunge, Gintautas"]
[Result "0-1"]
[WhiteElo "2325"]
[BlackElo "2119"]
[PlyCount "68"]
[EventDate "2008.11.08"]

1. e4 c5 2. Nf3 Nc6 3. Bb5 g6 4. Bxc6 dxc6 5. d3 Bg7 6. h3 e5 7. Be3 Qd6 8. Qd2
Ne7 9. Na3 b6 10. Nc4 Qc7 11. Bh6 Bxh6 12. Qxh6 f6 13. Qg7 Rf8 14. Qxh7 Be6 15.
Qh6 O-O-O 16. Qe3 g5 17. O-O-O Rh8 18. Nfd2 Ng6 19. a4 Nf4 20. Rhg1 Kb7 21. b3
Rd7 22. Nb1 Rhd8 23. Nc3 Rd4 24. Nb2 Qe7 25. Ne2 c4 26. bxc4 Qa3 27. Kb1 b5 28.
Nxd4 exd4 29. Qd2 bxc4 30. dxc4 Ka6 31. Qc1 Ne2 32. Rd3 Nc3+ 33. Rxc3 dxc3 34.
Rd1 Rb8 0-1

[Event "LTU chess league"]
[Site "LTU"]
[Date "2009.03.14"]
[Round "8.21"]
[White "Sakalauskas, Vaidas"]
[Black "Sarakauskas, Gediminas"]
[Result "1-0"]
[WhiteElo "2404"]
[BlackElo "2429"]
[PlyCount "126"]
[EventDate "2008.11.08"]

1. d4 e6 2. c4 Nf6 3. Nc3 Bb4 4. Qc2 O-O 5. a3 Bxc3+ 6. Qxc3 d6 7. Bg5 Nbd7 8.
e3 b6 9. Bd3 Ba6 10. Ne2 h6 11. Bh4 c5 12. Qc2 Rc8 13. Qa4 cxd4 14. exd4 Nb8
15. O-O Qd7 16. Qb3 Nc6 17. Bxf6 Na5 18. Qd1 gxf6 19. Ng3 f5 20. Qh5 Kg7 21.
Bxf5 Rg8 22. Qh4 Qd8 23. Nh5+ Kf8 24. Nf6 Kg7 25. Nh5+ Kf8 26. Qf4 Qg5 27.
Qxd6+ Ke8 28. Bg4 Nxc4 29. Qb4 Bb7 30. f3 a5 31. Qe1 Ke7 32. Ng3 Nxb2 33. Ne4
Qf4 34. Rb1 Nc4 35. Qh4+ Kf8 36. d5 exd5 37. Nf6 Rg6 38. Nh5 Qd4+ 39. Kh1 Re8
40. Rfe1 Ne3 41. Qf2 Qe5 42. Ng3 d4 43. Bf5 Rxg3 44. hxg3 Qxf5 45. Rxb6 Re7 46.
Rxh6 Kg7 47. Rh4 Qf6 48. Rf4 Qe5 49. Qd2 Rd7 50. Qd3 Bc6 51. Qd2 Rd6 52. Kg1
Qc5 53. Qa2 Nd5 54. Rg4+ Kf8 55. Qb2 Ne3 56. Qb8+ Ke7 57. Qc7+ Rd7 58. Re4+ Kf8
59. Qc8+ Kg7 60. Rh4 Kf6 61. Rh6+ Ke7 62. Rxc6 Qxa3 63. Qh8 Qa2 1-0

[Event "LTU chess league"]
[Site "LTU"]
[Date "2009.03.14"]
[Round "8.22"]
[White "Labeckas, Kestutis"]
[Black "Kudzma, Laimonas"]
[Result "1-0"]
[WhiteElo "2345"]
[BlackElo "2255"]
[PlyCount "69"]
[EventDate "2008.11.08"]

1. d4 d5 2. c4 e6 3. Nc3 c6 4. e4 dxe4 5. Nxe4 Bb4+ 6. Bd2 Qxd4 7. Bxb4 Qxe4+
8. Be2 Nd7 9. Nf3 c5 10. Bc3 Ngf6 11. O-O Qc6 12. Qc2 Qc7 13. Bd3 b6 14. Rfe1
Bb7 15. Ne5 Nxe5 16. Bxe5 Qc6 17. f3 Rd8 18. a3 h6 19. b4 O-O 20. b5 Qd7 21.
Rad1 Qe7 22. Qf2 Nh5 23. f4 Rd7 24. Bc2 Rfd8 25. f5 Rxd1 26. Bxd1 Nf6 27. fxe6
fxe6 28. Bf3 Bxf3 29. Qxf3 Nh7 30. Qc6 Qd7 31. h4 Nf8 32. Kh2 Qxc6 33. bxc6 Rc8
34. c7 Nd7 35. Rd1 1-0

[Event "LTU chess league"]
[Site "LTU"]
[Date "2009.03.14"]
[Round "8.23"]
[White "Skrebnevskis, Romanas"]
[Black "Zapolskis, Antanas"]
[Result "1-0"]
[WhiteElo "2235"]
[BlackElo "2346"]
[PlyCount "87"]
[EventDate "2008.11.08"]

1. d4 b5 2. e4 Bb7 3. Bd3 e6 4. Nf3 c5 5. c3 a6 6. O-O d6 7. Qe2 Ne7 8. a4 b4
9. cxb4 cxb4 10. a5 Nbc6 11. Bg5 h6 12. Be3 d5 13. e5 Nxa5 14. Nbd2 Nf5 15. g4
Nxe3 16. fxe3 Be7 17. Qf2 O-O 18. h4 Nc4 19. Nxc4 dxc4 20. Bxc4 a5 21. g5 hxg5
22. h5 g4 23. Nh2 Rc8 24. b3 Rxc4 25. bxc4 f5 26. exf6 gxf6 27. Nxg4 f5 28. Ne5
Kh7 29. Kh2 Rf6 30. Qf4 Qe8 31. Ng6 Bd8 32. Rg1 a4 33. Qd6 b3 34. Rxa4 e5 35.
Qb4 exd4 36. Qxb7+ Rf7 37. Qg2 b2 38. Rb4 dxe3 39. Rxb2 Bc7+ 40. Kh1 f4 41. Nh4
Kh8 42. Qg6 Qf8 43. Qe6 Qd8 44. Ng6+ 1-0

[Event "LTU chess league"]
[Site "LTU"]
[Date "2009.03.14"]
[Round "8.24"]
[White "Zickus, Simonas"]
[Black "Ziogaite, Jovita"]
[Result "1-0"]
[WhiteElo "2315"]
[BlackElo "2093"]
[PlyCount "63"]
[EventDate "2008.11.08"]

1. Nf3 Nf6 2. c4 g6 3. g3 Bg7 4. Bg2 d6 5. d4 O-O 6. O-O Nc6 7. d5 Na5 8. Nfd2
c6 9. a3 cxd5 10. cxd5 b5 11. b4 Nc4 12. Nxc4 bxc4 13. Bb2 Bf5 14. Nd2 Rc8 15.
Rc1 Bh6 16. Rxc4 Qd7 17. Rc6 Nxd5 18. Rxc8 Rxc8 19. Bxd5 Bxd2 20. e4 Bh3 21.
Qxd2 Bxf1 22. Kxf1 Rc7 23. Kg2 Qa4 24. Qd3 Qd7 25. b5 h5 26. h4 Rc5 27. a4 Qc7
28. Bb3 Kf8 29. Ba3 Rc3 30. Qd4 Ke8 31. Qh8+ Kd7 32. Bxf7 1-0

[Event "LTU chess league"]
[Site "LTU"]
[Date "2009.03.14"]
[Round "8.25"]
[White "Kalvyte, Vesta"]
[Black "Jakaityte, Ruta"]
[Result "1-0"]
[WhiteElo "1981"]
[BlackElo "1966"]
[PlyCount "85"]
[EventDate "2008.11.08"]

1. e4 c5 2. Nf3 d6 3. d4 cxd4 4. Nxd4 Nf6 5. Nc3 a6 6. Be2 e6 7. Be3 Be7 8. O-O
O-O 9. f4 Nbd7 10. Bf3 Qc7 11. Qe1 e5 12. Nf5 Re8 13. Qg3 g6 14. Nxe7+ Rxe7 15.
f5 Re8 16. a4 b6 17. Rad1 Bb7 18. Bg5 Kg7 19. Qh4 Ng8 20. fxg6 fxg6 21. Bg4 h6
22. Be3 Nc5 23. Nd5 Qd8 24. Qxd8 Raxd8 25. Nc7 Re7 26. Bxc5 bxc5 27. Ne6+ Rxe6
28. Bxe6 Bxe4 29. Rf7+ Kh8 30. c4 Bc2 31. Rdf1 Re8 32. Bd5 Bf5 33. g4 Be6 34.
Rf8 Re7 35. Bxe6 Rxe6 36. R1f7 g5 37. Ra8 a5 38. Rxa5 e4 39. Raa7 Nf6 40. Rf8+
Ng8 41. Raa8 Rg6 42. Kf2 Kh7 43. Rf7+ 1-0